000
00261nam a2200097Ia 4500
008
190216s9999||||xx |||||||||||||| ||und||
100
_a
Readers Digest Association
245
0
_a
Readers Digest Condenced Books
260
_b
Readers Digest Assoiciation
942
_c
BK
999
_c
12385
_d
12385